Džentlmen od kosti

Bibliographic Details
Main Authors: Lištiak, Miloslav (Author, Interviewer), Kovár, František, 1946- (Author)
Format: Article
Language:Slovak
PhysicalDescription:Fotogr.
ISSN:0139-7451
Subjects:

MARC

LEADER 00000nab a2200000 ar4500
001 vtls009937983
003 SK-MaSNL
005 20260303045034.0
008 090810c2009 xo wr|p|||||||000 b|slo
015 |a SNBRB2009/08  |2 snkbucl 
038 |a SNKBUCL 
040 |a SNKBUCL  |b slo  |c SNKBUCL  |e AACR2 
041 |a slo 
044 |a xo  |c SK 
080 |a 792.071.2  |2 1997 
080 |a 791.44.071.2  |2 1997 
100 1 |a Lištiak, Miloslav  |4 aut  |4 ivr  |9 1035039 
245 1 0 |a Džentlmen od kosti  |c Miloslav Lištiak, František Kovár 
300 |b Fotogr. 
600 1 7 |a Kovár, František,  |d 1946-  |2 snkbucl 
655 7 |a rozhovory  |2 snkbucl  |9 31831 
700 1 |a Kovár, František,  |d 1946-  |4 aut  |4 ive 
773 0 |t Eurotelevízia  |g Roč. 19, č. 24 (2009), s. 6-9  |x 0139-7451 
852 |a SNK  |b KIS3GCP 
958 |a BX 
999 |c 1702341  |d 1704271